000 00533nam a2200181Ia 4500
005 20250508163743.0
008 008 250505s9999 xx 000 0 eng d
037 _aTextual
040 _aFEDL
_beng
_cFEDL
041 _aeng
_2eng
084 _a370.32, CHA
_qFEDL
100 _aChatrath K J S Ed.
_9776205
245 0 _aEducations for human rights and democracy
260 _aShimla, India
_bIndian Institute of Advanced Study
_c1998
300 _a177p.
942 _cTEXL
_h370.32, CHA
999 _c1385075
_d1385075